NFL Team by Overall Record - Statistics

General Stats
  • This quiz has been taken 16 times
  • The average score is 20 of 32
Answer Stats
Record Answer % Correct
812-605-38 Green Bay Packers
73%
548-443-12 Kansas City Chiefs
73%
546-448-9 New England Patriots
73%
433-562-8 New York Jets
73%
595-813-41 Arizona Cardinals
67%
489-505-8 Buffalo Bills
67%
220-266-1 Carolina Panthers
67%
607-710-34 Detroit Lions
67%
567-510-8 Indianapolis Colts
67%
510-482-11 Las Vegas Raiders
67%
497-495-11 Los Angeles Chargers
67%
626-607-21 Los Angeles Rams
67%
504-411-4 Miami Dolphins
67%
504-411-4 Miami Dolphins
67%
683-586-22 Pittsburgh Steelers
67%
633-526-16 San Francisco 49ers
67%
799-648-42 Chicago Bears
60%
563-550-14 Cleveland Browns
60%
570-425-6 Dallas Cowboys
60%
162-212-1 Houston Texans
60%
539-439-11 Minnesota Vikings
60%
417-483-5 New Orleans Saints
60%
724-666-34 New York Giants
60%
641-639-27 Philadelphia Eagles
60%
404-374-1 Seattle Seahawks
60%
321-457-1 Tampa Bay Buccaneers
60%
479-518-6 Tennessee Titans
60%
399-514-6 Atlanta Falcons
53%
204-283-0 Jacksonville Jaguars
53%
643-649-29 Washington Commanders
53%
269-200-1 Baltimore Ravens
47%
405-480-5 Cincinnati Bengals
40%
No matching quizzes found
Score Distribution
Percent of People with Each Score
Percentile by Number Answered
Your Score History
You have not taken this quiz